| 000 | 00776nam a2200181 a 4500 | ||
|---|---|---|---|
| 001 | 000005812 | ||
| 005 | 20200929151808.0 | ||
| 008 | 090824s1966 dr 001 0 spa d | ||
| 040 |
_aDO-SdBNP _bspa _cBNPHU |
||
| 100 | 1 |
_aBrewer Carías, Allan-Randolph _916429 |
|
| 245 | 1 | 4 |
_aLas empresas públicas en el derecho comparado : _bestudios sobre el régimen de las actividades industriales y comerciales del Estado / _cAllan-Randolph Brewer Carías ; prólogo John N. Hazard. |
| 260 |
_aCaracas : _bFacultad de Derecho, _c1966. |
||
| 300 |
_a202 p. ; _c24 cm. |
||
| 490 | 1 |
_aPublicaciones de la Facultad de Derecho _v37 |
|
| 500 | _aIncluye notas al pie de las páginas | ||
| 700 | 1 |
_aHazard., John N. _epról. _916430 |
|
| 830 | 0 |
_aPublicaciones de la Facultad de Derecho ; _n37 _916431 |
|
| 999 |
_c5608 _d5608 |
||